Rompecabezas /

Guardado en:
Autor Principal: De Santis, Pablo
Otros Autores: González, Juan Pablo
Formato: Libro
Publicado: Buenos Aires : Colihue, 2013
Series:Colección Narrativa Dibujada. Serie Freakciones
Materias:
Etiquetas: Agregar Etiqueta
Sin Etiquetas, Sea el primero en etiquetar este registro!
LEADER 00808nam a22002655a 4500
001 CEM.cems014368
005 20140424102453.0
008 130507s2013##################000#0#####d
003 CEMS
020 |a 9789876849630 
082 0 4 |a 741.5 
100 1 |a De Santis, Pablo 
245 1 0 |a Rompecabezas /  |c Pablo de Santis y Max Cachimba (seudónimo) 
260 |a Buenos Aires :  |b Colihue,  |c 2013 
300 |a 128 p. 
490 0 |a Colección Narrativa Dibujada. Serie Freakciones 
653 |a Literatura 
653 |a Literatura argentina 
653 |a Narrativa argentina 
653 |a Narrativa gráfica 
653 |a Historieta 
653 |a Ministerio de educación-colección literaria 
653 |a Comics 
700 1 |a González, Juan Pablo 
859 |a CEMS  |b BIB. CEMS - 11 de abril  |h 741.5  |i D451  |p 26786.14  |t Ej.1